College Sports Logos Quiz #5 - Statistics

General Stats
  • This quiz has been taken 2,894 times
  • The average score is 17 of 20
Answer Stats
Picture Answer % Correct
Penn State
97%
Iowa
96%
Wake Forest
96%
Connecticut
95%
Boston College
94%
Army
93%
Louisville
92%
NC State
90%
Gonzaga
88%
Kansas State
87%
San Diego State
87%
Tulane
87%
Liberty
83%
Northern Illinois
82%
Rice
82%
Akron
79%
Appalachian State
75%
Dayton
73%
Indiana State
71%
Charlotte
66%
No matching quizzes found
Score Distribution
Percent of People with Each Score
Percentile by Number Answered
Your Score History
You have not taken this quiz